000
00278nam a22001217a 4500
008
170913b xxu||||| |||| 00| 0 eng d
041
_a
ALB
080
_a
53
100
_a
43
101
_a
FIZ
245
_a
BAZAT E FIZIKES SE PERGJITHSHME
_c
HYSENBEGASI.E
942
_2
udc
_c
BK
999
_c
27455
_d
27455